1891 1198 1965 1119 1065 1691 1054 1187 1172 1709 1265 1315 1586 1359 1069 1375 1981 1938 1545 1403 1214 1814 1761 1004 1553 1498 1343 1910 1001 1622 1191 1030 1571 1117 1024 1725 1615 1508 1541 1309 1226 1913 1620 1499 1090 1692 1117 1453 1690 1804 1091 1955 1068 1082 1976 1703 1198 1772 1438 1439 1391 1811 1854 1197 1835 1259 1531 1632 1677 1208 1104 1855 1528 1121 1897 1495 1693 1798 1570 1090 1997 1329 1563 1127 1674 1894 1247 1081 1374 1742 1764 1559 1543 1003 1351 1517 1443 1876 1807 BCNSPRNW ULIB Ver.6.0+V

เปลี่ยนเป็นภาษาไทย

Change to English
 แสดงรายละเอียดบรรณานุกรม
  กลับหน้าหลัก

Brief Record : Get Marc (ISO 2709) : E-mail record : QR code < ปิดหน้าต่าง
LEADER : 00000nam 2200000uu 4500
001    13399128057
003     ULIB
008    220202s2563||||th 000 0 tha d
020    ^a9786168243503
050    ^aนว.^bม-ล
100    ^aเมษาริน
245    ^aเล่ห์พระจันทร์
250    ^aพิมพ์ครั้งที่ 1
260    ^aกรุงเทพฯ :^bสำนักพิมพ์ดีบุ๊คส์,^c2563
300    ^a399 หน้า;^b21 ซม.
650    ^aนวนิยาย
945    ^p310^l0^i29202
999    ^aกัณชพร จุลอักษร
รายการนี้ยังไม่มีแท็ก
คุณยังไม่ได้ล็อกอิน คุณสามารถมีกิจกรรมร่วมกับเว็บไซต์ได้ แต่ต้องล็อกอินก่อน ::
  ล็อกอิน

รายการสื่อสารสนเทศ

ลำดับที่ ประเภท เลขเรียก/บาร์โค้ด สถานที่ สถานะ
1. วิทยาศาสตร์การแพทย์ และสุขภาพ
วิทยาศาสตร์การแพทย์ และสุขภาพ
นว. ม-ล ฉ.1 
  Barcode: 29202
ห้องสมุดวิทยาเขตนครสวรรค์
►นวนิยาย:l:Fiction
บนชั้น

รายการใกล้เคียง
    ชื่อเรื่อง [เล่ห์พระจันทร์]

    ผู้แต่ง [เมษาริน]

    หัวเรื่อง [นวนิยาย]

BibComment


ยังไม่เคยถูกคอมเมนท์

คอมเมนท์ทรัพยากรรายการนี้
  คอมเมนท์: เล่ห์พระจันทร์


 Copyright 2026. Bcnsprnw @Library